Spoločenská zodpovednosť firmy - významný konkurenčný nástroj

Spoločenská zodpovednosť firmy ako marketingový nástroj predstavuje zdroj konkurenčnej výhody. Charakteristika súčasného stavu spoločenskej zodpovednosti firiem. Analýza spoločenskej zodpovednosti firiem ako silného marketingového nástroja.

Gespeichert in:
Bibliographische Detailangaben
1. Verfasser: Vokounová, Dana, 1962-
Weitere Verfasser: Korčoková, Marína, 1970-
Format: Buchkapitel
Sprache:Slowakisch
Schlagworte:
Tags: Tag hinzufügen
Keine Tags, Fügen Sie das erste Tag hinzu!

MARC

LEADER 00000nla$a2200000$$$4500
001 0120683
005 20240502072349.6
041 0 |a slo 
044 |a SK 
245 1 0 |a Spoločenská zodpovednosť firmy - významný konkurenčný nástroj  |c Dana Vokounová, Marína Korčoková 
520 |a Spoločenská zodpovednosť firmy ako marketingový nástroj predstavuje zdroj konkurenčnej výhody. Charakteristika súčasného stavu spoločenskej zodpovednosti firiem. Analýza spoločenskej zodpovednosti firiem ako silného marketingového nástroja. 
610 2 0 |a zodpovednosť spoločenská 
610 2 0 |a firmy 
610 2 0 |a konkurencia 
610 2 0 |a výhody konkurenčné 
610 2 0 |a podnikanie zodpovedné 
610 2 0 |a etika 
610 2 0 |a dary 
610 2 0 |a nástroje marketingové 
100 1 |a Vokounová, Dana, 1962- 
700 1 |a Korčoková, Marína, 1970-